Kiwi Slang - Statistics

General Stats
  • This quiz has been taken 441 times
    391 since last reset
  • The average score is 19 of 37
Answer Stats
Hint Answer % Correct
Brother OR friend Bro
94%
Cousin Cuz
90%
An Australian Ozzie
81%
Trunk of the car Boot
79%
McDonald's Maccas
76%
Swim wear Togs
74%
Holiday Home Bach
73%
Parliament building's nickname Beehive
73%
Sunglasses Sunnies
72%
British person Brit
70%
Wellingtons / shoes you wear in the rain Gumboots
67%
A corner store Dairy
66%
Ketchup Tomato Sauce
66%
Avocado Avo
64%
A cooler box Chilly bin
64%
A favourite NZ ice cream - vanilla with gold chunks Hokey Pokey
63%
Mosquito Mozzie
62%
Dinner Tea
60%
Afternoon Arvo
53%
Potato Spud
53%
Biscuit Bikkie
50%
Thanks Cheers
48%
Chicken Chook
47%
All Good OR OK Sweet as
44%
If something is full Chocka
38%
Male Bloke
36%
Tired Knackered
36%
Female/Girl Chick
33%
The city - Big... Smoke
31%
Sick or ill Crook
29%
Something that's new, modern, expensive (that car is pretty...) Flash
28%
Food Tucker
24%
A long time Yonks
24%
Not right, strange, untrustworthy. (That bloke is a bit...) Dodgy
22%
Relatives Rellies
22%
If something is totally stuffed/broken Munted
17%
Cool (___, bro!) Choice
9%
No matching quizzes found
Score Distribution
Percent of People with Each Score
Percentile by Number Answered
Your Score History
You have not taken this quiz since the last reset